Une croisière autour de la Mer Morte /

محفوظ في:

المؤلف الرئيسي: Abel, F.-M.‪ 1878-1953 (مؤلف)

التنسيق: كتاب

اللغة: French

منشور في: Paris : J. Gabalda, 1911.

سلاسل: Études palestiniennes et orientales.

الموضوعات:

الوسوم: إضافة وسم

لا توجد وسوم, كن أول من يضع وسما على هذه التسجيلة!

رقم الطلب: DS110 .D38 A23 1911

LEADER 00932namaa2200241 4500
001 12835
003 OSt
005 20241023131446.0
008 130303s1911 fr abf 000 0 fre d
952 |0 0  |1 0  |2 lcc  |4 0  |6 DS0110 D38 A23 01911  |7 1  |9 12202  |a ARCE  |b ARCE  |d 2021-05-09  |l 0  |o DS110 .D38 A23 1911  |p 1025147  |r 2021-05-09 00:00:00  |w 2021-05-09  |y BK 
999 |c 11410  |d 11410 
040 |c ARCE Library 
043 |a a-is---  |a a-jo--- 
050 4 |a DS110 .D38 A23 1911 
100 1 |a Abel, F.-M.‪  |q (Félix-Marie),‪  |d 1878-1953,  |e author 
245 1 4 |a Une croisière autour de la Mer Morte /  |c par F.-M. Abel. 
264 1 |a Paris :   |b J. Gabalda,   |c 1911. 
300 |a iv, 188 pages, 12 leaves of plates :   |b illustrations, maps ;   |c 24 cm. 
490 0 |a Études palestiniennes et orientales. 
500 |a Previously published in part in Revue biblique, 1909-1910. 
651 0 |a Dead Sea (Israel and Jordan)   |9 17576 
901 |a reviewed 
942 |c BK  |2 lcc